<?xml version="1.0" encoding="UTF-8"?>
<record
    xmlns:xsi="http://www.w3.org/2001/XMLSchema-instance"
    xsi:schemaLocation="http://www.loc.gov/MARC21/slim http://www.loc.gov/standards/marcxml/schema/MARC21slim.xsd"
    xmlns="http://www.loc.gov/MARC21/slim">

  <leader>00697nam a22002177c 4500</leader>
  <controlfield tag="003">OSt</controlfield>
  <controlfield tag="005">20160921141549.0</controlfield>
  <controlfield tag="008">160921s2016    sp a   | |||| 001 0 spa d</controlfield>
  <datafield tag="020" ind1=" " ind2=" ">
    <subfield code="a">9788494180064</subfield>
  </datafield>
  <datafield tag="040" ind1=" " ind2=" ">
    <subfield code="c">CDMR</subfield>
    <subfield code="b">cat</subfield>
  </datafield>
  <datafield tag="245" ind1="0" ind2="0">
    <subfield code="a">Cr&#xF3;nicas del gran timo</subfield>
    <subfield code="b">: lo mejor del reality news : lo que el poder prefiere que no sepas</subfield>
    <subfield code="c">[Mongolia]</subfield>
  </datafield>
  <datafield tag="260" ind1=" " ind2=" ">
    <subfield code="a">[Madrid]</subfield>
    <subfield code="b">Editorial Mong</subfield>
    <subfield code="c">2016</subfield>
  </datafield>
  <datafield tag="300" ind1=" " ind2=" ">
    <subfield code="a">188 p.</subfield>
    <subfield code="b">il.</subfield>
    <subfield code="c">21 cm</subfield>
  </datafield>
  <datafield tag="500" ind1=" " ind2=" ">
    <subfield code="a">Index</subfield>
  </datafield>
  <datafield tag="650" ind1=" " ind2="7">
    <subfield code="a">Crisis econ&#xF3;micas</subfield>
    <subfield code="y">2008-</subfield>
    <subfield code="z">Espanya</subfield>
    <subfield code="2">embne</subfield>
  </datafield>
  <datafield tag="650" ind1="0" ind2="4">
    <subfield code="a">Empresa informativa</subfield>
    <subfield code="y">2008-</subfield>
    <subfield code="z">Espanya</subfield>
    <subfield code="9">1465</subfield>
  </datafield>
  <datafield tag="651" ind1=" " ind2="7">
    <subfield code="a">Espa&#xF1;a</subfield>
    <subfield code="x">Pol&#xED;tica i govern</subfield>
    <subfield code="y">2011-</subfield>
    <subfield code="2">embne</subfield>
  </datafield>
  <datafield tag="710" ind1="2" ind2=" ">
    <subfield code="a">Editorial Mong</subfield>
    <subfield code="e">compilador</subfield>
    <subfield code="4">edc</subfield>
  </datafield>
  <datafield tag="942" ind1=" " ind2=" ">
    <subfield code="c">MON</subfield>
    <subfield code="2">udc</subfield>
  </datafield>
  <datafield tag="956" ind1=" " ind2=" ">
    <subfield code="a">2</subfield>
  </datafield>
  <datafield tag="999" ind1=" " ind2=" ">
    <subfield code="c">6962</subfield>
    <subfield code="d">6962</subfield>
  </datafield>
  <datafield tag="952" ind1=" " ind2=" ">
    <subfield code="0">0</subfield>
    <subfield code="1">0</subfield>
    <subfield code="4">0</subfield>
    <subfield code="7">0</subfield>
    <subfield code="a">CDMR</subfield>
    <subfield code="b">CDMR</subfield>
    <subfield code="d">2016-09-21</subfield>
    <subfield code="e">Donaci&#xF3;</subfield>
    <subfield code="g">18.00</subfield>
    <subfield code="l">4</subfield>
    <subfield code="m">3</subfield>
    <subfield code="o">Am /90</subfield>
    <subfield code="p">CDMR16090005</subfield>
    <subfield code="r">2017-02-06</subfield>
    <subfield code="s">2017-01-12</subfield>
    <subfield code="v">18.00</subfield>
    <subfield code="w">2016-09-21</subfield>
    <subfield code="y">MON</subfield>
  </datafield>
</record>
